|
|
|
|
| LEADER |
00000nam0a2200000 4500 |
| 001 |
90543 |
| 005 |
20231031103559.0 |
| 010 |
|
|
|a 5283039463
|
| 020 |
|
|
|a RU
|b 89-76513
|
| 035 |
|
|
|a (RuTPU)RU\TPU\book\97089
|
| 090 |
|
|
|a 90543
|
| 100 |
|
|
|a 20060210d1989 k a0rusy5003 ca
|
| 101 |
0 |
|
|a rus
|
| 102 |
|
|
|a RU
|
| 105 |
|
|
|a a z 001zy
|
| 200 |
1 |
|
|a Плазменные процессы в технологических электронных пушках
|f Завьялов М. А., Крейндель Ю. Е., Новиков А. А., Шантурин Л. П.
|
| 210 |
|
|
|a Москва
|c Энергоатомиздат
|d 1989
|
| 215 |
|
|
|a 255,[1] с.
|c ил.
|d 22 см
|
| 300 |
|
|
|a Авт. указаны перед вып. дан.
|
| 320 |
|
|
|a Библиогр.: с. 238-254 (316 назв.)
|
| 610 |
1 |
|
|a электронные пушки
|
| 610 |
1 |
|
|a плазменная электроника
|
| 610 |
1 |
|
|a технологические процессы
|
| 675 |
|
|
|a 621.387.143
|z rus
|
| 701 |
|
1 |
|a Завьялов
|b М. А.
|g Михаил Александрович
|
| 701 |
|
1 |
|a Крейдель
|b Ю. Е.
|g Юлий Ефимович
|
| 701 |
|
1 |
|a Новиков
|b А. А.
|g Анатолий Александрович
|
| 701 |
|
1 |
|a Шантурин
|b Л. П.
|g Леонид Павлович
|
| 801 |
|
0 |
|a RU
|b RuMRKP
|c 19950417
|g psbo
|
| 801 |
|
1 |
|a RU
|b 63413507
|c 20060210
|g PSBO
|
| 801 |
|
2 |
|a RU
|b 63413507
|c 20061005
|g PSBO
|
| 942 |
|
|
|c BK
|